banner-ar

ابسن النرويجى :دراسة / (Record no. 34354)

MARC details
000 -الفاتح
حقل البيانات ثابتة الطول 00651nam a2200205Ia 4500
008 - عناصر البيانات ثابتة الطول - معلومات عامة
حقل البيانات ثابتة الطول 140319s9999 xx 000 0 ara d
040 ## - مصدر الفهرسة
وكالة الفهرسة الأصلية GCL /
وكالة النسخ GCL
082 04 - رقم تصنيف ديوى العشرى
رقم التصنيف 820.9
رقم المادة ب ا
100 1# - المدخل الرئيسى - إسم شخصى
الإسم الشخصى فؤاد كامل (مترجم)
245 10 - بيان العنوان
العنوان ابسن النرويجى :دراسة /
بيان المسئوليه,etc فؤاد كامل (مترجم)
700 1# - المدخل الاضافى - اسم شخصى
الإسم الشخصى براد بروك، ميوريل
700 1# - المدخل الاضافى - اسم شخصى
الإسم الشخصى عبدالحليم البشلاوى
300 ## - الوصف المادى
التعداد 238 ص
490 ## - بيان السلسلة
عنوان السلسلة مكتبة الفنون الدرامية
رقم المجلد/ التعيين التسلسلي 0
650 04 - المدخل الاضافى بالموضوع-مصطلح موضوعى
مصطلح موضوعي الادب الانجليزى
650 04 - المدخل الاضافى بالموضوع-مصطلح موضوعى
مصطلح موضوعي تاريخ ونقد
942 ## - عناصر المدخل الإضافي( كوها)
مصدر التصنيف او مخطط الترفيف Dewey Decimal Classification
Koha [default] item type كتاب
260 ## - PUBLICATION, DISTRIBUTION, ETC. (IMPRINT)
-- [S.N] :
-- مكتبة مصر
Holdings
حالة التراجع حالة الفقد حالة تلف ليس للاعارة المكان المؤقت الموقع الحالى تاريخ الاكتساب اجمالي اﻻعارات رقم الطلب الباركود تاريخ اخر مشاهدة تاريخ تفعيل السعر نوع وعاء كوها
        مكتبة القاهرة الكبرى مكتبة القاهرة الكبرى 03/26/2014   820.9\ب ا 81610 03/26/2014 03/26/2014 كتاب
        مكتبة القاهرة الكبرى مكتبة القاهرة الكبرى 03/26/2014   820.9\ب ا 81611 03/26/2014 03/26/2014 كتاب

Powered By

EGPV